Dealignment in Costa Rica: a case study of electoral change /
Gardado en:
| Autor Principal: | |
|---|---|
| Formato: | Tesis |
| Publicado: |
Michaelmas Term:
University of Oxford
|
| Etiquetas: |
Engadir etiqueta
Sen Etiquetas, Sexa o primeiro en etiquetar este rexistro!
|
MARC
| LEADER | 00000 a a2200000 04500 | ||
|---|---|---|---|
| 001 | 32790 | ||
| 003 | |||
| 040 | |a CRAI/IIS |c CRAI/IIS | ||
| 090 | |a 20405.00 | ||
| 100 | |a Sánchez F, Fernando | ||
| 245 | |a Dealignment in Costa Rica: a case study of electoral change / |c Fernando Sánchez F | ||
| 260 | |a Michaelmas Term: |b University of Oxford | ||
| 300 | |a 375 páginas |b il. | ||
| 502 | |a Tesis (Doctorado en Filosofía) -- University of Oxford. Department of politics and international relations, 2003 | ||
| 999 | |c 18050 |d 18050 | ||
